[Event "DEM U10 2023"]
[Site "Willingen GER"]
[Date "2023.05.28"]
[Round "1"]
[White "Pawlak, Antoni"]
[Black "Bergmann, Rafael Antonio"]
[Result "1-0"]
[Termination "normal"]
[Board "9"]
[WhiteElo "1323"]
[BlackElo "1669"]
[WhiteClock "00:57:14"]
[BlackClock "00:16:24"]
[PlyCount "149"]
[WhiteFideId "34605460"]
[BlackFideId "34635076"]
[EventCountry "GER"]
[EventRounds "11"]
[EventType "swiss"]
[EventDate "2023.05.27"]

1. e4 {[%clk 01:15:58]} {[%emt 00:00:02]} e5 {[%clk 01:15:53]} {[%emt
00:00:07]} 2. Nf3 {[%clk 01:16:22]} {[%emt 00:00:05]} Nc6 {[%clk 01:15:57]}
{[%emt 00:00:26]} 3. Bc4 {[%clk 01:16:46]} {[%emt 00:00:07]} Bc5 {[%clk
01:15:49]} {[%emt 00:00:37]} 4. c3 {[%clk 01:17:02]} {[%emt 00:00:15]} Nf6
{[%clk 01:16:06]} {[%emt 00:00:12]} 5. d4 {[%clk 01:17:29]} {[%emt 00:00:04]}
exd4 {[%clk 01:16:23]} {[%emt 00:00:12]} 6. cxd4 {[%clk 01:17:53]} {[%emt
00:00:06]} Bb4+ {[%clk 01:16:36]} {[%emt 00:00:17]} 7. Bd2 {[%clk 01:18:13]}
{[%emt 00:00:10]} Nxe4 {[%clk 01:16:56]} {[%emt 00:00:10]} 8. Bxb4 {[%clk
01:18:36]} {[%emt 00:00:07]} Nxb4 {[%clk 01:16:45]} {[%emt 00:00:41]} 9. Bxf7+
{[%clk 01:18:58]} {[%emt 00:00:09]} Kxf7 {[%clk 01:17:01]} {[%emt 00:00:14]}
10. Qb3+ {[%clk 01:19:20]} {[%emt 00:00:08]} Ke8 {[%clk 01:16:56]} {[%emt
00:00:33]} 11. Qxb4 {[%clk 01:19:31]} {[%emt 00:00:20]} Qe7 {[%clk 01:17:01]}
{[%emt 00:00:24]} 12. Qxe7+ {[%clk 01:19:01]} {[%emt 00:01:01]} Kxe7 {[%clk
01:17:19]} {[%emt 00:00:12]} 13. O-O {[%clk 01:19:19]} {[%emt 00:00:12]} d5
{[%clk 01:08:48]} {[%emt 00:09:00]} 14. Re1 {[%clk 01:19:18]} {[%emt 00:00:33]}
Kf6 {[%clk 01:03:44]} {[%emt 00:05:34]} 15. Nc3 {[%clk 01:19:15]} {[%emt
00:00:32]} Nxc3 {[%clk 01:00:47]} {[%emt 00:03:27]} 16. bxc3 {[%clk 01:19:37]}
{[%emt 00:00:08]} c6 {[%clk 00:46:19]} {[%emt 00:14:58]} 17. Re5 {[%clk
01:17:47]} {[%emt 00:02:20]} b6 {[%clk 00:25:11]} {[%emt 00:21:39]} 18. Rae1
{[%clk 01:17:15]} {[%emt 00:01:00]} Rb8 {[%clk 00:25:12]} {[%emt 00:00:31]} 19.
Re8 {[%clk 01:15:55]} {[%emt 00:01:49]} Ba6 {[%clk 00:25:14]} {[%emt 00:00:28]}
20. Rxh8 {[%clk 01:16:03]} {[%emt 00:00:23]} Rxh8 {[%clk 00:25:12]} {[%emt
00:00:31]} 21. g4 {[%clk 01:15:51]} {[%emt 00:00:41]} c5 {[%clk 00:24:23]}
{[%emt 00:01:19]} 22. h4 {[%clk 01:15:05]} {[%emt 00:01:17]} Bc4 {[%clk
00:24:21]} {[%emt 00:00:32]} 23. Ng5 {[%clk 01:14:59]} {[%emt 00:00:36]} g6
{[%clk 00:23:20]} {[%emt 00:01:31]} 24. Re6+ {[%clk 01:15:23]} {[%emt
00:00:07]} Kg7 {[%clk 00:23:19]} {[%emt 00:00:30]} 25. Re7+ {[%clk 01:15:34]}
{[%emt 00:00:20]} Kf8 {[%clk 00:23:06]} {[%emt 00:00:40]} 26. Rxa7 {[%clk
01:15:34]} {[%emt 00:00:33]} h5 {[%clk 00:20:00]} {[%emt 00:03:35]} 27. Ra8+
{[%clk 01:15:43]} {[%emt 00:00:21]} Kg7 {[%clk 00:20:18]} {[%emt 00:00:12]} 28.
Ne6+ {[%clk 01:16:00]} {[%emt 00:00:14]} Kf6 {[%clk 00:19:56]} {[%emt
00:00:51]} 29. Rxh8 {[%clk 01:16:15]} {[%emt 00:00:15]} Kxe6 {[%clk 00:20:21]}
{[%emt 00:00:06]} 30. gxh5 {[%clk 01:16:18]} {[%emt 00:00:27]} gxh5 {[%clk
00:20:34]} {[%emt 00:00:17]} 31. Rh6+ {[%clk 01:16:33]} {[%emt 00:00:15]} Kf5
{[%clk 00:20:49]} {[%emt 00:00:15]} 32. Rxb6 {[%clk 01:16:51]} {[%emt
00:00:11]} cxd4 {[%clk 00:20:57]} {[%emt 00:00:22]} 33. cxd4 {[%clk 01:17:13]}
{[%emt 00:00:09]} Bxa2 {[%clk 00:21:03]} {[%emt 00:00:24]} 34. Rh6 {[%clk
01:17:18]} {[%emt 00:00:25]} Kg4 {[%clk 00:21:27]} {[%emt 00:00:06]} 35. f3+
{[%clk 01:17:12]} {[%emt 00:00:36]} Kxh4 {[%clk 00:21:43]} {[%emt 00:00:14]}
36. Kg2 {[%clk 01:17:05]} {[%emt 00:00:36]} Bc4 {[%clk 00:21:03]} {[%emt
00:01:10]} 37. Kf2 {[%clk 01:16:57]} {[%emt 00:00:38]} Kg5 {[%clk 00:20:51]}
{[%emt 00:00:36]} 38. Rh8 {[%clk 01:17:16]} {[%emt 00:00:17]} h4 {[%clk
00:20:08]} {[%emt 00:01:12]} 39. Rg8+ {[%clk 01:16:30]} {[%emt 00:01:17]} Kf5
{[%clk 00:19:15]} {[%emt 00:01:23]} 40. Rg4 {[%clk 01:15:54]} {[%emt 00:01:05]}
Bb3 {[%clk 00:19:03]} {[%emt 00:00:42]} 41. Rxh4 {[%clk 01:15:59]} {[%emt
00:00:26]} Bc4 {[%clk 00:19:21]} {[%emt 00:00:13]} 42. f4 {[%clk 01:15:37]}
{[%emt 00:00:50]} Ke4 {[%clk 00:19:41]} {[%emt 00:00:10]} 43. Ke1 {[%clk
01:14:15]} {[%emt 00:01:51]} Kxd4 {[%clk 00:20:03]} {[%emt 00:00:10]} 44. Kd2
{[%clk 01:12:58]} {[%emt 00:01:47]} Ke4 {[%clk 00:19:37]} {[%emt 00:00:56]} 45.
Kc3 {[%clk 01:12:29]} {[%emt 00:00:59]} Ba2 {[%clk 00:18:56]} {[%emt 00:01:11]}
46. Rh2 {[%clk 01:12:21]} {[%emt 00:00:38]} Bc4 {[%clk 00:19:00]} {[%emt
00:00:25]} 47. Rf2 {[%clk 01:12:32]} {[%emt 00:00:20]} Bb5 {[%clk 00:15:41]}
{[%emt 00:03:49]} 48. f5 {[%clk 01:12:49]} {[%emt 00:00:14]} Be8 {[%clk
00:15:58]} {[%emt 00:00:13]} 49. f6 {[%clk 01:12:41]} {[%emt 00:00:37]} Bf7
{[%clk 00:16:20]} {[%emt 00:00:08]} 50. Kd2 {[%clk 01:10:17]} {[%emt 00:02:52]}
d4 {[%clk 00:16:24]} {[%emt 00:00:28]} 51. Ke2 {[%clk 01:08:29]} {[%emt
00:02:18]} d3+ {[%clk 00:15:41]} {[%emt 00:01:13]} 52. Kd2 {[%clk 01:08:49]}
{[%emt 00:00:10]} Kd4 {[%clk 00:16:04]} {[%emt 00:00:07]} 53. Rf3 {[%clk
01:08:50]} {[%emt 00:00:29]} Ke5 {[%clk 00:15:16]} {[%emt 00:01:17]} 54. Kxd3
{[%clk 01:09:13]} {[%emt 00:00:09]} Ke6 {[%clk 00:15:31]} {[%emt 00:00:15]} 55.
Ke4 {[%clk 01:09:33]} {[%emt 00:00:09]} Be8 {[%clk 00:15:34]} {[%emt 00:00:27]}
56. Kd4 {[%clk 01:09:21]} {[%emt 00:00:41]} Kf7 {[%clk 00:15:43]} {[%emt
00:00:22]} 57. Ke5 {[%clk 01:09:35]} {[%emt 00:00:16]} Bb5 {[%clk 00:15:00]}
{[%emt 00:01:12]} 58. Rg3 {[%clk 01:09:54]} {[%emt 00:00:12]} Be8 {[%clk
00:14:59]} {[%emt 00:00:28]} 59. Rg7+ {[%clk 01:10:05]} {[%emt 00:00:22]} Kf8
{[%clk 00:15:22]} {[%emt 00:00:07]} 60. Ke6 {[%clk 01:10:15]} {[%emt 00:00:20]}
Bh5 {[%clk 00:15:14]} {[%emt 00:00:38]} 61. Rh7 {[%clk 01:10:16]} {[%emt
00:00:29]} Bg4+ {[%clk 00:15:32]} {[%emt 00:00:12]} 62. Kd6 {[%clk 01:09:57]}
{[%emt 00:00:50]} Bf5 {[%clk 00:15:21]} {[%emt 00:00:39]} 63. Rh8+ {[%clk
01:09:59]} {[%emt 00:00:28]} Kf7 {[%clk 00:15:43]} {[%emt 00:00:08]} 64. Ke5
{[%clk 01:10:16]} {[%emt 00:00:14]} Bg4 {[%clk 00:15:59]} {[%emt 00:00:14]} 65.
Rh7+ {[%clk 01:10:17]} {[%emt 00:00:29]} Kf8 {[%clk 00:16:22]} {[%emt
00:00:07]} 66. Kf4 {[%clk 01:09:09]} {[%emt 00:01:38]} Be6 {[%clk 00:16:39]}
{[%emt 00:00:13]} 67. Kg5 {[%clk 01:09:27]} {[%emt 00:00:11]} Ba2 {[%clk
00:16:45]} {[%emt 00:00:23]} 68. Re7 {[%clk 01:08:26]} {[%emt 00:01:33]} Bb1
{[%clk 00:16:56]} {[%emt 00:00:17]} 69. Kh6 {[%clk 01:08:15]} {[%emt 00:00:43]}
Bc2 {[%clk 00:17:13]} {[%emt 00:00:13]} 70. Rd7 {[%clk 01:02:35]} {[%emt
00:06:11]} Bb3 {[%clk 00:17:05]} {[%emt 00:00:35]} 71. Kh7 {[%clk 01:00:58]}
{[%emt 00:02:09]} Bc4 {[%clk 00:17:03]} {[%emt 00:00:31]} 72. Kg6 {[%clk
01:00:27]} {[%emt 00:01:02]} Bb5 {[%clk 00:15:35]} {[%emt 00:01:59]} 73. Rd8+
{[%clk 00:56:52]} {[%emt 00:04:04]} Be8+ {[%clk 00:15:57]} {[%emt 00:00:08]}
74. f7 {[%clk 00:57:14]} {[%emt 00:00:08]} Ke7 {[%clk 00:16:24]} {[%emt
00:00:04]} 75. fxe8=Q# {[%emt 00:00:11]} 1-0

[Event "DEM U10 2023"]
[Site "Willingen GER"]
[Date "2023.05.28"]
[Round "1"]
[White "Menke, Raphael Wilhelm"]
[Black "Ivashchenko, Yurii"]
[Result "1-0"]
[Termination "normal"]
[Board "10"]
[WhiteElo "1884"]
[BlackElo "1347"]
[WhiteClock "01:00:44"]
[BlackClock "00:34:49"]
[PlyCount "55"]
[WhiteFideId "34621008"]
[BlackFideId "34163735"]
[EventCountry "GER"]
[EventRounds "11"]
[EventType "swiss"]
[EventDate "2023.05.27"]

1. e4 {[%clk 01:15:59]} e6 {[%clk 01:15:55]} {[%emt 00:00:05]} 2. d4 {[%clk
01:16:27]} {[%emt 00:00:02]} d5 {[%clk 01:16:19]} {[%emt 00:00:06]} 3. Nc3
{[%clk 01:16:50]} {[%emt 00:00:07]} Bb4 {[%clk 01:16:44]} {[%emt 00:00:06]} 4.
e5 {[%clk 01:15:35]} {[%emt 00:01:46]} Ne7 {[%clk 01:16:46]} {[%emt 00:00:27]}
5. Nf3 {[%clk 01:15:24]} {[%emt 00:00:40]} c5 {[%clk 01:16:59]} {[%emt
00:00:17]} 6. a3 {[%clk 01:15:29]} {[%emt 00:00:26]} Bxc3+ {[%clk 01:16:49]}
{[%emt 00:00:39]} 7. bxc3 {[%clk 01:15:52]} {[%emt 00:00:07]} Nbc6 {[%clk
01:15:52]} {[%emt 00:01:27]} 8. Bd3 {[%clk 01:15:52]} {[%emt 00:00:29]} Bd7
{[%clk 01:15:29]} {[%emt 00:00:54]} 9. Be3 {[%clk 01:15:39]} {[%emt 00:00:43]}
c4 {[%clk 01:14:20]} {[%emt 00:01:39]} 10. Be2 {[%clk 01:15:57]} {[%emt
00:00:12]} h6 {[%clk 01:13:53]} {[%emt 00:00:57]} 11. Nd2 {[%clk 01:15:40]}
{[%emt 00:00:47]} Nf5 {[%clk 01:13:04]} {[%emt 00:01:20]} 12. O-O {[%clk
01:13:37]} {[%emt 00:02:33]} Nxe3 {[%clk 01:10:59]} {[%emt 00:02:34]} 13. fxe3
{[%clk 01:14:04]} {[%emt 00:00:03]} O-O {[%clk 01:10:43]} {[%emt 00:00:46]} 14.
e4 {[%clk 01:14:02]} {[%emt 00:00:32]} Qg5 {[%clk 01:09:44]} {[%emt 00:01:29]}
15. Rf3 {[%clk 01:13:10]} {[%emt 00:01:21]} Qd8 {[%clk 01:04:15]} {[%emt
00:06:00]} 16. Rg3 {[%clk 01:10:47]} {[%emt 00:02:53]} Ne7 {[%clk 01:03:43]}
{[%emt 00:01:02]} 17. Bg4 {[%clk 01:10:00]} {[%emt 00:01:13]} Ng6 {[%clk
01:02:41]} {[%emt 00:01:35]} 18. Bh5 {[%clk 01:06:21]} {[%emt 00:04:11]} Nf4
{[%clk 00:56:05]} {[%emt 00:07:06]} 19. Qg4 {[%clk 01:05:47]} {[%emt 00:01:02]}
Nxh5 {[%clk 00:56:01]} {[%emt 00:00:35]} 20. Qxh5 {[%clk 01:06:09]} {[%emt
00:00:07]} Kh7 {[%clk 00:56:14]} {[%emt 00:00:18]} 21. Rf1 {[%clk 01:06:09]}
{[%emt 00:00:30]} g6 {[%clk 00:53:43]} {[%emt 00:03:02]} 22. Qg4 {[%emt
00:05:17]} h5 {[%clk 00:47:38]} {[%emt 00:02:00]} 23. Qh3 {[%clk 01:02:40]}
{[%emt 00:03:46]} Ba4 {[%emt 00:05:12]} 24. Rgf3 {[%clk 01:00:29]} {[%emt
00:00:04]} Qe7 {[%clk 00:44:39]} {[%emt 00:01:25]} 25. Rf6 {[%clk 01:00:17]}
{[%emt 00:00:41]} Bxc2 {[%clk 00:42:35]} {[%emt 00:02:33]} 26. g4 {[%emt
00:06:51]} h4 {[%clk 00:34:21]} {[%emt 00:02:19]} 27. Qxh4+ {[%clk 01:00:41]}
{[%emt 00:00:11]} Kg7 {[%clk 00:34:49]} {[%emt 00:00:02]} 28. Rxg6+ {[%clk
01:00:44]} {[%emt 00:00:28]} 1-0

[Event "DEM U10 2023"]
[Site "Willingen GER"]
[Date "2023.05.28"]
[Round "1"]
[White "Lange, Fynn Jeremy"]
[Black "Haas, Leandro"]
[Result "1-0"]
[Termination "normal"]
[Board "12"]
[WhiteElo "1616"]
[BlackElo "1337"]
[WhiteClock "01:17:18"]
[BlackClock "01:14:53"]
[PlyCount "90"]
[WhiteFideId "34616365"]
[BlackFideId "34632549"]
[EventCountry "GER"]
[EventRounds "11"]
[EventType "swiss"]
[EventDate "2023.05.27"]

1. c4 {[%clk 01:15:58]} {[%emt 00:00:02]} d5 {[%clk 01:15:56]} {[%emt
00:00:04]} 2. cxd5 {[%clk 01:16:24]} {[%emt 00:00:04]} Nf6 {[%clk 01:16:09]}
{[%emt 00:00:17]} 3. Nc3 {[%clk 01:16:26]} {[%emt 00:00:28]} Nxd5 {[%clk
01:16:07]} {[%emt 00:00:08]} 4. g3 {[%clk 01:16:14]} {[%emt 00:01:05]} b6
{[%clk 01:15:51]} {[%emt 00:00:46]} 5. Bg2 {[%clk 01:16:25]} {[%emt 00:00:19]}
Bb7 {[%clk 01:16:11]} {[%emt 00:00:10]} 6. Nf3 {[%clk 01:15:45]} {[%emt
00:01:11]} e6 {[%clk 01:16:24]} {[%emt 00:00:17]} 7. O-O {[%clk 01:15:23]}
{[%emt 00:00:52]} Bc5 {[%clk 01:16:26]} {[%emt 00:00:28]} 8. d4 {[%clk
01:14:05]} {[%emt 00:01:48]} Bb4 {[%clk 01:16:04]} {[%emt 00:00:51]} 9. Nxd5
{[%clk 01:13:43]} {[%emt 00:00:52]} Bxd5 {[%clk 01:15:37]} {[%emt 00:00:58]}
10. Qa4+ {[%clk 01:13:43]} {[%emt 00:00:29]} Nc6 {[%clk 01:15:58]} {[%emt
00:00:09]} 11. Ne5 {[%clk 01:13:20]} {[%emt 00:00:54]} Bxg2 {[%clk 01:14:46]}
{[%emt 00:01:41]} 12. Kxg2 {[%clk 01:13:45]} {[%emt 00:00:05]} Qd5+ {[%clk
01:15:00]} {[%emt 00:00:16]} 13. Kg1 {[%clk 01:14:01]} {[%emt 00:00:14]} b5
{[%clk 01:14:29]} {[%emt 00:01:01]} 14. Qd1 {[%clk 01:11:23]} {[%emt 00:03:08]}
Nxe5 {[%clk 01:13:56]} {[%emt 00:01:03]} 15. dxe5 {[%clk 01:11:51]} {[%emt
00:00:03]} Qxd1 {[%clk 01:14:01]} {[%emt 00:00:25]} 16. Rxd1 {[%clk 01:12:15]}
{[%emt 00:00:06]} Rd8 {[%clk 01:14:20]} {[%emt 00:00:09]} 17. Be3 {[%clk
01:11:50]} {[%emt 00:00:56]} a6 {[%clk 01:14:06]} {[%emt 00:00:45]} 18. a4
{[%clk 01:10:58]} {[%emt 00:01:22]} Rxd1+ {[%clk 01:13:48]} {[%emt 00:00:47]}
19. Rxd1 {[%clk 01:11:24]} {[%emt 00:00:04]} Ke7 {[%clk 01:14:05]} {[%emt
00:00:13]} 20. Rc1 {[%clk 01:10:58]} {[%emt 00:00:56]} Rc8 {[%clk 01:13:17]}
{[%emt 00:01:15]} 21. Rc6 {[%clk 01:10:55]} {[%emt 00:00:37]} bxa4 {[%clk
01:12:53]} {[%emt 00:00:54]} 22. Rxa6 {[%clk 01:11:01]} {[%emt 00:00:24]} Rd8
{[%clk 01:11:42]} {[%emt 00:01:40]} 23. Rxa4 {[%clk 01:11:02]} {[%emt
00:00:30]} c5 {[%clk 01:11:29]} {[%emt 00:00:42]} 24. Ra7+ {[%clk 01:11:16]}
{[%emt 00:00:16]} Rd7 {[%clk 01:11:32]} {[%emt 00:00:27]} 25. Bg5+ {[%clk
01:11:41]} {[%emt 00:00:05]} f6 {[%clk 01:11:24]} {[%emt 00:00:38]} 26. exf6+
{[%clk 01:12:07]} {[%emt 00:00:04]} gxf6 {[%clk 01:11:37]} {[%emt 00:00:17]}
27. Bxf6+ {[%clk 01:12:21]} {[%emt 00:00:16]} Ke8 {[%clk 01:11:12]} {[%emt
00:00:47]} 28. Rxd7 {[%clk 01:11:44]} {[%emt 00:01:15]} Kxd7 {[%clk 01:11:37]}
{[%emt 00:00:06]} 29. Bc3 {[%clk 01:11:39]} {[%emt 00:00:35]} Kc6 {[%clk
01:11:56]} {[%emt 00:00:11]} 30. Kf1 {[%clk 01:11:49]} {[%emt 00:00:19]} Kd5
{[%clk 01:11:39]} {[%emt 00:00:47]} 31. Ke1 {[%emt 00:00:29]} Kc4 {[%clk
01:11:32]} {[%emt 00:00:22]} 32. Kd2 {[%clk 01:12:31]} {[%emt 00:00:04]} Bxc3+
{[%clk 01:11:57]} {[%emt 00:00:06]} 33. bxc3 {[%clk 01:12:57]} {[%emt
00:00:04]} Kd5 {[%clk 01:12:02]} {[%emt 00:00:24]} 34. h4 {[%clk 01:13:22]}
{[%emt 00:00:05]} Ke4 {[%clk 01:12:22]} {[%emt 00:00:10]} 35. f3+ {[%clk
01:13:39]} {[%emt 00:00:13]} Kd5 {[%clk 01:12:19]} {[%emt 00:00:33]} 36. e4+
{[%clk 01:14:01]} {[%emt 00:00:08]} Ke5 {[%clk 01:12:44]} {[%emt 00:00:06]} 37.
Kd3 {[%clk 01:14:25]} {[%emt 00:00:05]} h6 {[%clk 01:13:01]} {[%emt 00:00:13]}
38. Kc4 {[%clk 01:14:51]} {[%emt 00:00:05]} Kf6 {[%clk 01:13:13]} {[%emt
00:00:18]} 39. Kxc5 {[%clk 01:15:15]} {[%emt 00:00:06]} Kg6 {[%clk 01:13:22]}
{[%emt 00:00:21]} 40. Kd6 {[%clk 01:15:39]} {[%emt 00:00:05]} Kf6 {[%clk
01:13:44]} {[%emt 00:00:08]} 41. c4 {[%clk 01:16:05]} {[%emt 00:00:05]} Kf7
{[%clk 01:14:04]} {[%emt 00:00:10]} 42. c5 {[%clk 01:16:30]} {[%emt 00:00:05]}
h5 {[%emt 00:00:11]} 43. c6 {[%emt 00:00:05]} Kf6 {[%clk 01:14:10]} {[%emt
00:00:07]} 44. c7 {[%clk 01:16:55]} {[%emt 00:00:05]} Kf7 {[%clk 01:14:35]}
{[%emt 00:00:05]} 45. c8=Q {[%clk 01:17:18]} {[%emt 00:00:08]} Kg7 {[%clk
01:14:53]} {[%emt 00:00:12]} 1-0

[Event "DEM U10 2023"]
[Site "Willingen GER"]
[Date "2023.05.28"]
[Round "1"]
[White "Hildebrand, Azat"]
[Black "Hoppe, Arthur"]
[Result "0-1"]
[Termination "normal"]
[Board "13"]
[WhiteElo "1502"]
[BlackElo "1430"]
[WhiteClock "00:08:50"]
[BlackClock "00:35:03"]
[PlyCount "72"]
[WhiteFideId "34607536"]
[BlackFideId "34618910"]
[EventCountry "GER"]
[EventRounds "11"]
[EventType "swiss"]
[EventDate "2023.05.27"]

1. d4 {[%clk 01:15:57]} {[%emt 00:00:03]} d5 {[%clk 01:15:57]} {[%emt
00:00:04]} 2. Nf3 {[%clk 01:16:12]} {[%emt 00:00:15]} Nf6 {[%clk 01:15:58]}
{[%emt 00:00:29]} 3. e3 {[%clk 01:16:23]} {[%emt 00:00:19]} e6 {[%clk
01:16:09]} {[%emt 00:00:19]} 4. Bd3 {[%clk 01:16:22]} {[%emt 00:00:31]} c5
{[%clk 01:16:35]} {[%emt 00:00:04]} 5. c3 {[%clk 01:16:23]} {[%emt 00:00:28]}
Bd6 {[%clk 01:14:20]} {[%emt 00:02:45]} 6. Nbd2 {[%clk 01:15:43]} {[%emt
00:01:11]} Nbd7 {[%clk 01:13:09]} {[%emt 00:01:42]} 7. e4 {[%clk 01:14:10]}
{[%emt 00:02:03]} cxd4 {[%clk 01:12:30]} {[%emt 00:01:09]} 8. Nxd4 {[%clk
01:10:38]} {[%emt 00:04:01]} dxe4 {[%clk 01:11:59]} {[%emt 00:01:02]} 9. Nxe4
{[%clk 01:10:27]} {[%emt 00:00:41]} Nxe4 {[%clk 01:12:22]} {[%emt 00:00:07]}
10. Bxe4 {[%clk 01:10:22]} {[%emt 00:00:35]} Nf6 {[%clk 01:12:41]} {[%emt
00:00:11]} 11. Bg5 {[%clk 01:05:12]} {[%emt 00:05:40]} Qb6 {[%clk 01:02:11]}
{[%emt 00:11:01]} 12. Bxf6 {[%clk 01:00:09]} {[%emt 00:05:32]} gxf6 {[%clk
01:01:51]} {[%emt 00:00:50]} 13. Qd2 {[%clk 00:54:00]} {[%emt 00:06:39]} Bd7
{[%clk 00:57:13]} {[%emt 00:05:07]} 14. O-O {[%clk 00:48:04]} {[%emt 00:06:26]}
O-O-O {[%clk 00:54:51]} {[%emt 00:02:52]} 15. Rfd1 {[%clk 00:40:02]} {[%emt
00:08:32]} f5 {[%clk 00:50:22]} {[%emt 00:04:59]} 16. Bc2 {[%clk 00:36:07]}
{[%emt 00:04:25]} Bc6 {[%clk 00:43:00]} {[%emt 00:07:52]} 17. b4 {[%clk
00:27:00]} {[%emt 00:09:37]} Rhg8 {[%clk 00:42:45]} {[%emt 00:00:45]} 18. g3
{[%clk 00:22:21]} {[%emt 00:05:09]} f4 {[%clk 00:37:44]} {[%emt 00:05:31]} 19.
Bxh7 {[%clk 00:21:08]} {[%emt 00:01:43]} Rg7 {[%clk 00:36:12]} {[%emt
00:02:02]} 20. Bd3 {[%clk 00:18:55]} {[%emt 00:02:43]} fxg3 {[%clk 00:36:35]}
{[%emt 00:00:07]} 21. hxg3 {[%clk 00:18:27]} {[%emt 00:00:57]} Rh8 {[%clk
00:35:46]} {[%emt 00:01:19]} 22. Kf1 {[%clk 00:16:55]} {[%emt 00:02:03]} Bxg3
{[%clk 00:34:57]} {[%emt 00:01:18]} 23. fxg3 {[%clk 00:16:42]} {[%emt
00:00:44]} Rh1+ {[%clk 00:34:08]} {[%emt 00:01:19]} 24. Ke2 {[%clk 00:13:46]}
{[%emt 00:03:26]} Rh2+ {[%clk 00:34:29]} {[%emt 00:00:09]} 25. Ke1 {[%clk
00:13:43]} {[%emt 00:00:34]} Rxd2 {[%clk 00:34:55]} {[%emt 00:00:04]} 26. Kxd2
{[%clk 00:13:31]} {[%emt 00:00:42]} Rxg3 {[%clk 00:34:57]} {[%emt 00:00:27]}
27. Rf1 {[%clk 00:13:00]} {[%emt 00:01:02]} Rg2+ {[%clk 00:34:10]} {[%emt
00:01:17]} 28. Be2 {[%clk 00:11:39]} {[%emt 00:01:51]} Qd8 {[%clk 00:32:35]}
{[%emt 00:02:04]} 29. Kc2 {[%clk 00:10:12]} {[%emt 00:01:57]} e5 {[%clk
00:32:45]} {[%emt 00:00:21]} 30. Nxc6 {[%clk 00:09:16]} {[%emt 00:01:25]} Rxe2+
{[%clk 00:33:06]} {[%emt 00:00:10]} 31. Kb3 {[%clk 00:09:27]} {[%emt 00:00:19]}
Qd5+ {[%clk 00:33:31]} {[%emt 00:00:05]} 32. c4 {[%clk 00:08:24]} {[%emt
00:01:35]} Qxc6 {[%clk 00:33:54]} {[%emt 00:00:06]} 33. Rxf7 {[%clk 00:08:44]}
{[%emt 00:00:09]} Re3+ {[%clk 00:34:18]} {[%emt 00:00:07]} 34. Kc2 {[%clk
00:08:42]} {[%emt 00:00:33]} Qxc4+ {[%clk 00:34:43]} {[%emt 00:00:05]} 35. Kd2
{[%clk 00:08:36]} {[%emt 00:00:36]} Qc3+ {[%clk 00:35:07]} {[%emt 00:00:06]}
36. Kd1 {[%clk 00:08:50]} {[%emt 00:00:15]} Re1# {[%clk 00:35:03]} {[%emt
00:00:04]} 0-1